Electromagnetic field theory fundamentals (Record no. 4548)

000 -LEADER
fixed length control field 00854 a2200217 4500
020 ## - INTERNATIONAL STANDARD BOOK NUMBER
International Standard Book Number 0521830168
040 ## - CATALOGING SOURCE
Original cataloging agency DLC
Language of cataloging DLC
082 00 - DEWEY DECIMAL CLASSIFICATION NUMBER
Classification number 530.141
100 1# - MAIN ENTRY--PERSONAL NAME
Personal name Guru, Bhag S.
245 10 - TITLE STATEMENT
Title Electromagnetic field theory fundamentals
Statement of responsibility, etc. Bhag Singh Guru and Huseyin R. Hiziroglu.
250 ## - EDITION STATEMENT
Edition statement 2nd ed.
260 ## - PUBLICATION, DISTRIBUTION, ETC.
Place of publication, distribution, etc. Cambridge, UK ;
-- New York :
Name of publisher, distributor, etc. Cambridge University Press,
Date of publication, distribution, etc. 2004.
300 ## - PHYSICAL DESCRIPTION
Extent xv, 681 p. :
Other physical details ill. ;
Dimensions 26 cm.
500 ## - GENERAL NOTE
General note Includes index.
650 #0 - SUBJECT ADDED ENTRY--TOPICAL TERM
Topical term or geographic name entry element Electromagnetic fields.
700 1# - ADDED ENTRY--PERSONAL NAME
Personal name Huseyin Hiziroglu
856 42 - ELECTRONIC LOCATION AND ACCESS
Materials specified Publisher description
Uniform Resource Identifier <a href="http://www.loc.gov/catdir/description/cam041/2004040753.html">http://www.loc.gov/catdir/description/cam041/2004040753.html</a>
856 42 - ELECTRONIC LOCATION AND ACCESS
Materials specified Table of contents
Uniform Resource Identifier <a href="http://www.loc.gov/catdir/toc/cam041/2004040753.html">http://www.loc.gov/catdir/toc/cam041/2004040753.html</a>
856 42 - ELECTRONIC LOCATION AND ACCESS
Materials specified Contributor biographical information
Uniform Resource Identifier <a href="http://www.loc.gov/catdir/enhancements/fy0732/2004040753-b.html">http://www.loc.gov/catdir/enhancements/fy0732/2004040753-b.html</a>
942 ## - ADDED ENTRY ELEMENTS (KOHA)
Koha item type Book
Call number prefix 621.3 GUR
Source of classification or shelving scheme
Holdings
Withdrawn status Lost status Damaged status Not for loan Collection code Permanent Location Current Location Shelving location Date acquired Source of acquisition Cost, normal purchase price Total Checkouts Full call number Barcode Date last seen Date last checked out Price effective from Koha item type
          Central Library (CL) Central Library (CL) General Stacks 02/10/2005 Allied Book Company 5510.83 1 621.3 GUR SEECS005278 05/26/2023 03/20/2023 01/05/2017 Book
© 2023 Central Library, National University of Sciences and Technology. All Rights Reserved.